000 02443nam a2200361Ia 4500
999 _c55023
_d55023
001 22097
003 GE_BSU
005 20221025124407.0
008 181216s ||||ge |||||||||||||| || ||
020 _a9789941081392
040 _cGE_BSU
041 _ageo
080 _a821.353.1-141+27-534.5 დ-15
100 _aდავით IV აღმაშენებელი, 1073-1125
_915527
245 _aგალობანი სინანულისანი = Покаянный канон = Reuegesänge = The Canon of Repentance ; Prayers of Remorse = Cantiques pénitentiels = Cantico penitenziale = Kajicné Zpĕvy /
_cდავით IV აღმაშენებელი, 1073-1125 ; წინასიტყვ. ავტორი ლაურა გრიგოლაშვილმა ; რედაქტორი გურამ თევზაძე ; მთარგმნელები : არსენ გოგეშვილი, ლალი ჯოხაძე, დოდონა კიზირია [და სხვ.].
264 _aთბილისი :
_bCarpe diem,
_c2015.
300 _a212 გვ. ;
_c 18 სმ.
541 _h6ლ.90თ.
546 _aთავფურცელი და ტექსტი აგრეთვე რუსულ, გერმანულ, ინგლისურ, ფრანგულ, იტალიურ და ჩეხურ ენებზე
653 _aგალობანი სინანულისანი
653 _aგალობანი
653 _aრელიგია
653 _aქართული ლიტერატურა
653 _aქართული ფილოსოფიური ლირიკა
653 _aქართული სასულიერი ლირიკა
653 _aქრისტიანული ლიტერატურა
700 _aგრიგოლაშვილი, ლ.
_eწინასიტყვაობის ავტორი
_914532
700 _aთევზაძე, გურამ
_eრედაქტორი
_915528
700 _aგოგეშვილი, არსენ
_eმთარგმნელი
_915529
700 _aჯოხაძე, ლალი
_eმთარგმნელი
_915530
700 _aკიზირია, დოდონა
_eმთარგმნელი
_915531
942 _cBK
_2udc